Exploradores : primer libro :
Guardado en:
| Autor Principal: | |
|---|---|
| Formato: | Libro |
| Publicado: |
Buenos Aires :
Ángel Estrada,
1995.
|
| Series: | Educación general básica
|
| Materias: | |
| Etiquetas: |
Agregar Etiqueta
Sin Etiquetas, Sea el primero en etiquetar este registro!
|
| LEADER | 00745nam a22002415a 4500 | ||
|---|---|---|---|
| 001 | CEM.cems012534 | ||
| 005 | 20070424161343.0 | ||
| 008 | 130507s1995##################000#0#####d | ||
| 003 | CEMS | ||
| 020 | |a 9500105624 | ||
| 082 | 0 | 4 | |a 372.24 |
| 100 | 1 | |a Jáuregui, Silvia | |
| 245 | 1 | 0 | |a Exploradores : |b primer libro : |c Silvia Jáuregui. |
| 260 | |a Buenos Aires : |b Ángel Estrada, |c 1995. | ||
| 300 | |a 121 p. | ||
| 490 | 0 | |a Educación general básica | |
| 500 | |a Libro de lectura para segundo grado. | ||
| 653 | |a Biblioteca maría de los Ángeles saggio | ||
| 653 | |a Educación | ||
| 653 | |a Educación primaria | ||
| 653 | |a Lengua-2º egb | ||
| 653 | |a Lengua-lectura | ||
| 859 | |a CEMS |b BIB. CEMS - 11 de abril |h 372.24 |i J327 |p 23800.07 |t Ej.1 |v 2º |3 2º | ||
